LIBRARY & INFORMATION CENTRE, KCAET, TAVANUR

ONLINE PUBLIC ACCESS CATALOGUE (OPAC)

Technology refinement and Food safety management system Assessment of Food Processing Enterprises Facilitated Through Agri-Business Incubators (Record no. 17486)

MARC details
000 -LEADER
fixed length control field 00475nam a22001457a 4500
003 - CONTROL NUMBER IDENTIFIER
control field OSt
082 ## - DEWEY DECIMAL CLASSIFICATION NUMBER
Classification number 664
Item number BIN/TE
088 ## - REPORT NUMBER
Report number T 528
100 ## - MAIN ENTRY--AUTHOR NAME
Personal name Binuja Thomas
245 ## - TITLE STATEMENT
Title Technology refinement and Food safety management system Assessment of Food Processing Enterprises Facilitated Through Agri-Business Incubators
260 ## - PUBLICATION, DISTRIBUTION, ETC. (IMPRINT)
Place of publication KCAET , TAVANUR
Name of publisher Department of processing and food engineering
Year of publication 2021
300 ## - PHYSICAL DESCRIPTION
Number of Pages 243 Pages
700 ## - ADDED ENTRY--PERSONAL NAME
Personal name Sudheer , K.P
942 ## - ADDED ENTRY ELEMENTS (KOHA)
Koha item type Theses
Holdings
Collection code Home library Current library Shelving location Full call number Accession Number Koha item type Public note
Reference KAUAET KAUAET Reference 664 BIN/TE T 528 Theses PhD Thesis
free website counter